| 000 | 00487nam a2200145 a 4500 | ||
|---|---|---|---|
| 001 | 000027603 | ||
| 005 | 20200930030944.0 | ||
| 008 | 110401s1983 dr 000 0 spa d | ||
| 040 |
_aDO-SdBNP _bspa _cBNPHU |
||
| 100 | 1 |
_aRosa Martínez, Luis de la _954697 |
|
| 245 | 1 | 3 |
_aLa periferia del grito de Lares : _bantología de documentos históricos(1861-1869) / _cLuis de la Rosa Martínez. |
| 260 |
_aSanto Domingo : _bEditora Corripio, _c1983. |
||
| 300 |
_a173 P. ; _c19 cm. |
||
| 049 | _aBNPD | ||
| 999 |
_c27095 _d27095 |
||